000 01533nam a2200325 c 4500
999 _c141773
_d141773
003 BLK
005 20210202143924.0
008 180409b bul|||||r ||||||| ||bul||
010 _aKNG00147847000
040 _aBLK
041 _aBUL
_cBUL
080 _aБългарска литература
_b821.163.2
_x-93-32
_z821.163.2-93-32
100 1 _aПоптонев, Стефан Димов
_eпърви автор
_9364976
139 _aПоптонев, Стефан Димов
_bП 78
245 1 0 _aНа Шипка всичко е спокойно
_bИст. разказ за деца
_cСтефан Димов Поптонев; нарис. Венелин Димитров Вълканов.
257 _aBGR
260 _bОтечество
_c1978
_aСофия
_fДП Балкан
300 _a32 с.
_bс ил.
_c32 см
380 _aDX
490 _aБиблиотека България древна и млада
_9203851
500 _aКор. опис. - 110 100 тир.
650 4 _aРуско-турска освободителна война 1877 - 1878 - в художествена литература
_9279692
653 _aРуско-турска освободителна война 1877-1878
700 1 _aВълканов, Венелин Димитров
_eнарис.
_9366810
852 _aЦб ІІ 18556
856 4 _qpdf
856 4 _qpdf
942 _cKNG
_n0
_02
_s1
944 _aCR
_c31.07.2013
_l31.07.2013 - от С1,Р / 31.07.2013
_kЕлиза_Атанасова
944 _aED
_c12.09.2017
_l31.07.2013 - от С1,Р / 31.07.2013
_kСевдалина_Василева
999 _d141773